| 000 | 00432cam a2200169ua 4500 | ||
|---|---|---|---|
| 020 | _c72.50 | ||
| 041 |
_aeng _h |
||
| 082 |
_a535.5344 _bTOW/MI |
||
| 100 | _aTownes, C H . | ||
| 245 |
_aMicrowave Spreetroscopy / _cC H Townes. _hTextual Documents |
||
| 260 |
_aNew York : _bMcGraw Hill Book Company , _c1955. |
||
| 300 | _a698 ; . | ||
| 365 | _a72.50 | ||
| 700 | 1 | _aSchawlow, A L . | |
| 942 | _cBK | ||
| 999 |
_c9084 _d9084 |
||